| 000 | 00691nam a2200217 a 4500 | ||
|---|---|---|---|
| 001 | 000012462 | ||
| 005 | 20240412074232.0 | ||
| 008 | 091113s2003 dr ac 000 0 spa d | ||
| 020 | _a9993433756 | ||
| 040 |
_aDO-SdBNP _bspa _cBNPHU |
||
| 082 |
_aRD860.44 _bB268L |
||
| 100 | 1 |
_aBarracuda _929193 |
|
| 245 | 1 | 0 |
_aLocuras de tiempo extra : _b(intentos de: ocurrencias, cuentos y poemas). |
| 260 |
_aSanto Domingo : _bMediabyte, _c2003. |
||
| 300 |
_a262 p. : _bil., retrs. ; _c21 cm. |
||
| 590 | _aInventariado, 2018 /LP | ||
| 650 | 0 |
_aLiteratura dominicana. _967 |
|
| 650 | 0 |
_aPoesÃa dominicana _966 |
|
| 650 | 0 |
_aCuentos dominicanos _9176 |
|
| 910 | _aValidado. Control de calidad MMOLINA | ||
| 999 |
_c12119 _d12119 |
||